[Event "Titled Tuesday intern op 16th Apr Late"]
[Site "Chess.com INT"]
[Date "2024.04.16"]
[Round "4"]
[White "Lehtosaari, Mauri"]
[Black "Papp, Petra"]
[Result "0-1"]
[WhiteElo "2149"]
[BlackElo "2281"]
[PlyCount "88"]
[EventDate "2024.04.16"]
[EventType "swiss (blitz)"]
[EventRounds "11"]
[EventCountry "USA"]
[SourceTitle "CB17_2024"]
[SourceDate "2024.04.24"]
[SourceVersion "1"]
[SourceVersionDate "2024.04.24"]
[SourceQuality "1"]

1. d4 Nf6 2. Nf3 g6 3. Bg5 Bg7 4. Nbd2 d5 5. e3 0-0 6. Bd3 c5 7. c3 Nc6 8. 0-0 Qb6 9. Qb3 Be6 10. h3 Nd7 11. Rfe1 f6 12. Bh4 Bf7 13. e4 dxe4 14. Nxe4 Bxb3 15. axb3 cxd4 16. c4 Nce5 17. Be2 Nxf3+ 18. Bxf3 Ne5 19. Bd1 d3 20. Nc3 e6 21. Bg3 Rfd8 22. Na4 Qc6 23. f4 Nf7 24. Bf3 Qd6 25. Red1 Rab8 26. Nc3 f5 27. Bf2 Bd4 28. Nb5 Bxf2+ 29. Kxf2 Qc5+ 30. Kf1 a6 31. Nc3 Rd4 32. g3 Nd6 33. Kg2 Ne4 34. Na4 Qb4 35. Ra3 Nd2 36. Nc3 Nxb3 37. Ra4 Qb6 38. h4 Nc5 39. Ra2 Rxc4 40. h5 Rb4 41. Rd2 Ne4 42. Bxe4 fxe4 43. Nd1 e3 44. Rxd3 e2 0-1

[Event "Titled Tuesday intern op 16th Apr Late"]
[Site "Chess.com INT"]
[Date "2024.04.16"]
[Round "7"]
[White "Papp, Petra"]
[Black "Achuthan, Aryan"]
[Result "1-0"]
[WhiteElo "2281"]
[BlackElo "2038"]
[PlyCount "105"]
[EventDate "2024.04.16"]
[EventType "swiss (blitz)"]
[EventRounds "11"]
[EventCountry "USA"]
[SourceTitle "CB17_2024"]
[SourceDate "2024.04.24"]
[SourceVersion "1"]
[SourceVersionDate "2024.04.24"]
[SourceQuality "1"]

1. d4 d5 2. c4 e6 3. Nc3 Be7 4. cxd5 exd5 5. Bf4 c6 6. e3 Bf5 7. Bd3 Bxd3 8. Qxd3 Nf6 9. Nge2 0-0 10. 0-0 Nbd7 11. Rae1 Re8 12. f3 c5 13. dxc5 Nxc5 14. Qd2 Qb6 15. Nd4 Rad8 16. Kh1 a6 17. Nf5 Bf8 18. Bg5 Qe6 19. Nd4 Qb6 20. b3 Rd7 21. Rd1 Ne6 22. Bxf6 gxf6 23. Nf5 Red8 24. Qf2 Kh8 25. Qh4 Ng7 26. Nh6 Qe6 27. Ne2 Qxe3 28. Qxf6 Qxe2 29. Nxf7+ Rxf7 30. Qxd8 Qxa2 31. Qxd5 Re7 32. Qd8 Re8 33. Qb6 Re7 34. Rd8 Rf7 35. Qxb7 Qd2 36. Qxa6 Rb7 37. Qxb7 Qxd8 38. b4 Kg8 39. b5 Qd3 40. Rc1 h5 41. Qc6 Qd2 42. Qc4+ Kh8 43. b6 Qb2 44. Qc8 Kh7 45. b7 Ba3 46. Qc2+ Qxc2 47. Rxc2 Bd6 48. Rc8 Kg6 49. Rc6 Nf5 50. b8Q Kg5 51. Rxd6 Nxd6 52. Qxd6 Kh4 53. Qg3# 1-0

[Event "Titled Tuesday intern op 16th Apr Late"]
[Site "Chess.com INT"]
[Date "2024.04.16"]
[Round "9"]
[White "Papp, Petra"]
[Black "Bayo Milagro, Alvaro"]
[Result "0-1"]
[WhiteElo "2281"]
[BlackElo "2285"]
[PlyCount "100"]
[EventDate "2024.04.16"]
[EventType "swiss (blitz)"]
[EventRounds "11"]
[EventCountry "USA"]
[SourceTitle "CB17_2024"]
[SourceDate "2024.04.24"]
[SourceVersion "1"]
[SourceVersionDate "2024.04.24"]
[SourceQuality "1"]

1. d4 Nf6 2. c4 g6 3. Nc3 Bg7 4. e4 0-0 5. h3 c5 6. Nf3 cxd4 7. Nxd4 Nc6 8. Be3 d6 9. Be2 Bd7 10. 0-0 Nxd4 11. Bxd4 Bc6 12. Qc2 a5 13. Rad1 Nd7 14. Bxg7 Kxg7 15. Bg4 Nc5 16. e5 f5 17. Be2 f4 18. Nd5 dxe5 19. Nxf4 Qc7 20. Nd5 Bxd5 21. cxd5 Qd6 22. Qd2 Rf4 23. Qe3 Raf8 24. f3 b6 25. Kh1 Qf6 26. Qc3 e4 27. d6 exd6 28. Rxd6 Qxc3 29. bxc3 exf3 30. Bxf3 R8f6 31. Rfd1 Rxd6 32. Rxd6 Rf6 33. Rd8 h5 34. Kg1 Na4 35. Rc8 Rd6 36. Be4 Kf6 37. Kf2 Ke5 38. Ke3 Rd1 39. Re8+ Kf6 40. Rc8 Re1+ 41. Kf3 Rf1+ 42. Ke2 Ra1 43. Rc6+ Ke5 44. Bxg6 Rxa2+ 45. Kf3 h4 46. Bd3 Ra3 47. Rc8 Rxc3 48. Ke3 Rxc8 49. Be4 Rc3+ 50. Bd3 b5 0-1

[Event "Swiss Queens Wed #8"]
[Site "FIDE Online Arena INT"]
[Date "2024.03.20"]
[Round "5"]
[White "Papp, Petra"]
[Black "Vantika, Agrawal"]
[Result "1-0"]
[WhiteElo "2267"]
[BlackElo "2398"]
[PlyCount "87"]
[EventDate "2024.03.20"]
[EventType "swiss (blitz)"]
[EventRounds "11"]
[EventCountry "NET"]
[SourceTitle "CB13_2024"]
[SourceDate "2024.03.27"]
[SourceVersion "1"]
[SourceVersionDate "2024.03.27"]
[SourceQuality "1"]

1. d4 Nf6 2. c4 g6 3. Nc3 Bg7 4. e4 d6 5. h3 0-0 6. Be3 Nc6 7. d5 Ne5 8. Nf3 Nxf3+ 9. Qxf3 Nd7 10. h4 h5 11. Bg5 f6 12. Bf4 f5 13. Qe3 Ne5 14. f3 c5 15. Bg5 Bd7 16. Bd3 f4 17. Qd2 Rf7 18. Be2 Qb6 19. 0-0 Qb4 20. Rac1 Nxc4 21. Bxc4 Qxc4 22. Bxf4 Qd4+ 23. Be3 Qxd2 24. Bxd2 b5 25. b3 b4 26. Nd1 a5 27. Ne3 a4 28. Nc4 Bb5 29. Rfd1 Rff8 30. Bg5 Kf7 31. f4 Bd4+ 32. Kh2 axb3 33. axb3 Bxc4 34. Rxc4 Ra3 35. Rd3 Rfa8 36. Rf3 Ra2 37. e5 Re2 38. e6+ Ke8 39. f5 Raa2 40. Rg3 Be5 41. Bf4 Bxf4 42. Rxf4 Kd8 43. fxg6 Kc7 44. g7 1-0

[Event "Swiss Queens Wed #7"]
[Site "FIDE Online Arena INT"]
[Date "2024.03.13"]
[Round "1"]
[White "Mariano, Christine Rose"]
[Black "Papp, Petra"]
[Result "0-1"]
[WhiteElo "1931"]
[BlackElo "2267"]
[PlyCount "44"]
[EventDate "2024.03.13"]
[EventType "swiss (blitz)"]
[EventRounds "11"]
[EventCountry "NET"]
[SourceTitle "CB12_2024"]
[SourceDate "2023.10.01"]
[SourceVersion "1"]
[SourceVersionDate "2023.10.01"]
[SourceQuality "1"]

1. c4 e5 2. Nc3 Nc6 3. d3 Bc5 4. e4 Nf6 5. Nge2 d6 6. h3 h6 7. g3 a6 8. Bg2 h5 9. 0-0 h4 10. Kh2 hxg3+ 11. Nxg3 Ng4+ 12. Kg1 Nxf2 13. Rxf2 Bxh3 14. Qf3 Bxf2+ 15. Kxf2 Nd4 16. Qd1 Qf6+ 17. Kg1 Qh4 18. Nce2 Bxg2 19. Kxg2 Qh2+ 20. Kf1 Nf3 21. Be3 0-0-0 22. Bf2 Qh3# 0-1

[Event "Swiss Queens Wed #6"]
[Site "FIDE Online Arena INT"]
[Date "2024.03.06"]
[Round "3"]
[White "Papp, Petra"]
[Black "Vifleemskaia, Svetlana"]
[Result "0-1"]
[WhiteElo "2267"]
[BlackElo "1942"]
[PlyCount "150"]
[EventDate "2024.03.06"]
[EventType "swiss (blitz)"]
[EventRounds "11"]
[EventCountry "NET"]
[SourceTitle "CB11_2024"]
[SourceDate "2024.03.13"]
[SourceVersion "1"]
[SourceVersionDate "2024.03.13"]
[SourceQuality "1"]

1. e4 e5 2. Nf3 Nc6 3. Bb5 a6 4. Ba4 Nf6 5. 0-0 Be7 6. Re1 b5 7. Bb3 d6 8. c3 0-0 9. h3 Na5 10. Bc2 c5 11. d4 cxd4 12. cxd4 exd4 13. Nxd4 d5 14. e5 Ne4 15. Nd2 Nxd2 16. Bxd2 Nc4 17. Nc6 Qc7 18. Nxe7+ Qxe7 19. Bc3 Be6 20. b3 Na3 21. Bd3 b4 22. Bd4 Nb5 23. Bb2 Qg5 24. Qc1 Qxc1 25. Raxc1 Rfc8 26. f4 Rxc1 27. Rxc1 Rc8 28. f5 Rxc1+ 29. Bxc1 Bd7 30. Bd2 a5 31. e6 fxe6 32. fxe6 Bc6 33. Kf2 Nd4 34. e7 Kf7 35. Bxh7 Kxe7 36. Bd3 Kd6 37. g4 Ne6 38. h4 Ke5 39. Be3 d4 40. Bd2 Be4 41. Bc4 Nf4 42. g5 Nd3+ 43. Bxd3 Bxd3 44. h5 Bf5 45. h6 gxh6 46. gxh6 Bh7 47. Kg3 Kf5 48. Kf3 Ke5 49. Bf4+ Kf5 50. Bc7 d3 51. Ke3 Ke6 52. Bxa5 Kf6 53. Bxb4 Kg5 54. Bf8 Kg6 55. Kd2 Kf7 56. Bg7 Ke6 57. b4 Kd6 58. a3 Kc6 59. Kc3 Kb5 60. Bf8 Ka4 61. Kb2 d2 62. b5 d1Q 63. b6 Qb3+ 64. Kc1 Qxb6 65. Kd2 Qc6 66. Ke3 Qe8+ 67. Kd4 Qxf8 68. Kd5 Qxh6 69. Kc5 Qc1+ 70. Kb6 Qxa3 71. Ka7 Qb3 72. Ka8 Qf7 73. Kb8 Kb5 74. Kc8 Kc6 75. Kd8 Qd7# 0-1

[Event "Swiss Queens Wed #4"]
[Site "FIDE Online Arena INT"]
[Date "2024.02.21"]
[Round "5"]
[White "Bodnaruk, Anastasia"]
[Black "Papp, Petra"]
[Result "0-1"]
[WhiteElo "2340"]
[BlackElo "2267"]
[PlyCount "104"]
[EventDate "2024.02.21"]
[EventType "swiss (blitz)"]
[EventRounds "11"]
[EventCountry "NET"]
[SourceTitle "CB09_2024"]
[SourceDate "2024.02.28"]
[SourceVersion "1"]
[SourceVersionDate "2024.02.28"]
[SourceQuality "1"]

1. e4 c6 2. d4 d5 3. e5 c5 4. c3 Nc6 5. Be2 Bf5 6. Nf3 e6 7. 0-0 h6 8. dxc5 Bxc5 9. b4 Bb6 10. b5 Na5 11. Nd4 Bh7 12. Bd3 Bxd3 13. Qxd3 Ne7 14. Re1 Qc7 15. Na3 Nc4 16. Nxc4 Qxc4 17. Qxc4 dxc4 18. Ba3 Nd5 19. Rac1 Bxd4 20. cxd4 c3 21. Kf1 Rc8 22. Ke2 Nf4+ 23. Kf3 Nd3 24. Ke3 Nxe1 25. Rxe1 b6 26. Kd3 c2 27. Rc1 Kd7 28. Bb4 f5 29. Rxc2 Rxc2 30. Kxc2 Rc8+ 31. Bc3 a5 32. Kd3 g5 33. Bd2 a4 34. a3 f4 35. f3 Ke7 36. Bc3 Kf7 37. Bb2 Kg6 38. Bc3 Kf5 39. Kd2 h5 40. Bb4 g4 41. Bd6 h4 42. fxg4+ Kxg4 43. Be7 h3 44. gxh3+ Kxh3 45. Bg5 f3 46. Ke3 Kg2 47. Bh4 Rc3+ 48. Kd2 Rxa3 49. d5 exd5 50. e6 Ra2+ 51. Kd3 Re2 52. e7 Rxe7 0-1

[Event "Swiss Queens Wed #4"]
[Site "FIDE Online Arena INT"]
[Date "2024.02.21"]
[Round "2"]
[White "Ocampo Candela, Patsy Andrea"]
[Black "Papp, Petra"]
[Result "0-1"]
[WhiteElo "1207"]
[BlackElo "2267"]
[PlyCount "68"]
[EventDate "2024.02.21"]
[EventType "swiss (blitz)"]
[EventRounds "11"]
[EventCountry "NET"]
[SourceTitle "CB09_2024"]
[SourceDate "2024.02.28"]
[SourceVersion "1"]
[SourceVersionDate "2024.02.28"]
[SourceQuality "1"]

1. e4 c6 2. d4 d5 3. exd5 cxd5 4. Bd3 Nf6 5. c3 Bg4 6. Ne2 e6 7. h3 Bh5 8. Bf4 Nc6 9. Nd2 Be7 10. Nb3 0-0 11. 0-0 Rc8 12. Qc2 Nb4 13. Qd2 Nxd3 14. Qxd3 Bg6 15. Qd2 Ne4 16. Qd1 Qb6 17. Rc1 a5 18. Ng3 a4 19. Nxe4 axb3 20. Ng3 bxa2 21. Ra1 Qxb2 22. Nh5 Bxh5 23. Qxh5 Rxc3 24. Qg4 Bf6 25. Rfe1 Rfc8 26. Be5 Bxe5 27. dxe5 Rc1 28. Rexc1 Rxc1+ 29. Rxc1 Qxc1+ 30. Kh2 a1Q 31. Qf3 Qg1+ 32. Kg3 Qxe5+ 33. Qf4 Qxf4+ 34. Kxf4 Qxf2+ 0-1

[Event "Swiss Queens Wed #3"]
[Site "FIDE Online Arena INT"]
[Date "2024.02.14"]
[Round "5"]
[White "Balabayeva, Kseniya"]
[Black "Papp, Petra"]
[Result "1-0"]
[WhiteElo "2282"]
[BlackElo "2267"]
[PlyCount "111"]
[EventDate "2024.02.14"]
[EventType "swiss (blitz)"]
[EventRounds "11"]
[EventCountry "NET"]
[SourceTitle "CB08_2024"]
[SourceDate "2024.02.21"]
[SourceVersion "1"]
[SourceVersionDate "2024.02.21"]
[SourceQuality "1"]

1. e4 e6 2. d4 d5 3. Nd2 Nc6 4. Ngf3 Nf6 5. e5 Nd7 6. Bb5 f6 7. Bxc6 bxc6 8. 0-0 fxe5 9. Nxe5 Nxe5 10. dxe5 Be7 11. Qh5+ g6 12. Qh6 Bf8 13. Qf4 Bg7 14. Nf3 Qe7 15. Qg3 0-0 16. Bg5 Qf7 17. Qh4 Rb8 18. Be7 h6 19. Bxf8 Bxf8 20. c3 Ba6 21. Rfe1 c5 22. b3 Bd3 23. Rad1 Be4 24. Nd2 Bf5 25. g4 Bc2 26. Rc1 g5 27. Qg3 Bg6 28. Rf1 Qh7 29. f4 Bg7 30. Rce1 Rf8 31. fxg5 hxg5 32. Rxf8+ Bxf8 33. Nf3 Qe7 34. Qf2 Bg7 35. Qe3 Bh6 36. h4 Be4 37. Nxg5 Qg7 38. Qf4 Bg6 39. Rf1 Be8 40. Qf6 Bxg5 41. hxg5 Kh7 42. Qxg7+ Kxg7 43. Rf6 Bf7 44. g6 Bg8 45. Kf2 d4 46. cxd4 cxd4 47. Ke2 c5 48. Kd3 Kh6 49. Rf8 Kg7 50. Ra8 a5 51. a4 Kh6 52. Rxg8 Kg5 53. g7 Kg6 54. Re8 Kxg7 55. Rxe6 Kf7 56. Ra6 1-0

[Event "Swiss Queens Wed #3"]
[Site "FIDE Online Arena INT"]
[Date "2024.02.14"]
[Round "3"]
[White "Mammadzada, Gunay Vuqar Qizi"]
[Black "Papp, Petra"]
[Result "1-0"]
[WhiteElo "2449"]
[BlackElo "2267"]
[PlyCount "127"]
[EventDate "2024.02.14"]
[EventType "swiss (blitz)"]
[EventRounds "11"]
[EventCountry "NET"]
[SourceTitle "CB08_2024"]
[SourceDate "2024.02.21"]
[SourceVersion "1"]
[SourceVersionDate "2024.02.21"]
[SourceQuality "1"]

1. Nf3 Nf6 2. c4 g6 3. Nc3 Bg7 4. e4 e5 5. Nxe5 0-0 6. Nf3 Re8 7. d3 d5 8. cxd5 Nxd5 9. Nxd5 Qxd5 10. Be2 Qd6 11. 0-0 c5 12. h3 Nc6 13. a3 Be6 14. Qc2 h6 15. Be3 b6 16. Rac1 Rac8 17. Qd2 Kh7 18. Bf4 Qd7 19. Rfe1 Red8 20. Qc2 Na5 21. Be5 Nb3 22. Rcd1 Nd4 23. Qc3 f6 24. Bg3 Qf7 25. Nxd4 cxd4 26. Qd2 Rc6 27. Rc1 Rdc8 28. Rxc6 Rxc6 29. Rc1 Qd7 30. Bd1 Bf8 31. f4 b5 32. Bf2 Bc5 33. b4 Bb6 34. Rxc6 Qxc6 35. Be1 f5 36. e5 Bd5 37. Kf1 h5 38. Qe2 Kg7 39. Qc2 Kf7 40. Qxc6 Bxc6 41. Bb3+ Ke7 42. Kf2 Bd7 43. Bd2 Be6 44. Bxe6 Kxe6 45. Kf3 Kd5 46. g4 hxg4+ 47. hxg4 Bd8 48. Kg3 Be7 49. Kh3 Bd8 50. Be1 Bc7 51. gxf5 gxf5 52. Kh4 Bd8+ 53. Kh5 Ke6 54. Kg6 a6 55. Bf2 Bb6 56. Kg7 Ba7 57. Kf8 Bb6 58. Ke8 Kd5 59. Kd7 a5 60. e6 axb4 61. axb4 Ba7 62. e7 Bb8 63. e8Q Bxf4 64. Qe6# 1-0

[Event "Swiss Queens Wed #3"]
[Site "FIDE Online Arena INT"]
[Date "2024.02.14"]
[Round "7"]
[White "Vidruska, Renate"]
[Black "Papp, Petra"]
[Result "1/2-1/2"]
[WhiteElo "1963"]
[BlackElo "2267"]
[PlyCount "50"]
[EventDate "2024.02.14"]
[EventType "swiss (blitz)"]
[EventRounds "11"]
[EventCountry "NET"]
[SourceTitle "CB08_2024"]
[SourceDate "2024.02.21"]
[SourceVersion "1"]
[SourceVersionDate "2024.02.21"]
[SourceQuality "1"]

1. e4 c6 2. d4 d5 3. Nc3 dxe4 4. Nxe4 Nf6 5. Nxf6+ exf6 6. c3 Bd6 7. Bd3 0-0 8. Qc2 Re8+ 9. Ne2 h5 10. 0-0 h4 11. h3 Nd7 12. Be3 Nf8 13. Rae1 Be6 14. b3 Rc8 15. Qd2 Bb8 16. Bf4 Qd7 17. Bxb8 Rxb8 18. Qf4 Ng6 19. Bxg6 fxg6 20. Qxh4 g5 21. Qh5 Bf7 22. Qf3 Bd5 23. Qh5 Bf7 24. Qf3 Bd5 25. Qh5 Bf7 1/2-1/2

[Event "Swiss Queens Wed #2"]
[Site "FIDE Online Arena INT"]
[Date "2024.02.07"]
[Round "4"]
[White "Balabayeva, Kseniya"]
[Black "Papp, Petra"]
[Result "1-0"]
[WhiteElo "2282"]
[BlackElo "2267"]
[PlyCount "67"]
[EventDate "2024.02.07"]
[EventType "swiss (blitz)"]
[EventRounds "11"]
[EventCountry "NET"]
[SourceTitle "CB07_2024"]
[SourceDate "2024.02.14"]
[SourceVersion "1"]
[SourceVersionDate "2024.02.14"]
[SourceQuality "1"]

1. e4 c6 2. d4 d5 3. Nd2 dxe4 4. Nxe4 Nf6 5. Nxf6+ exf6 6. c3 Bd6 7. Bd3 0-0 8. Qc2 Re8+ 9. Ne2 h5 10. 0-0 h4 11. h3 Nd7 12. Bd2 Nf8 13. Rae1 Be6 14. c4 Rc8 15. b3 Bb8 16. f4 Qc7 17. Kh1 Rcd8 18. Bc3 Bc8 19. Rf3 g6 20. d5 cxd5 21. Bxf6 Rd7 22. Qc3 dxc4 23. Bxc4 Ne6 24. Be5 Qc5 25. Bxb8 b5 26. Bxe6 Qxc3 27. Rxc3 fxe6 28. Be5 Bb7 29. Nd4 Red8 30. Rd1 Bd5 31. Kg1 b4 32. Rc5 Rf8 33. Nc2 g5 34. Nxb4 1-0

[Event "Swiss Queens Wed #2"]
[Site "FIDE Online Arena INT"]
[Date "2024.02.07"]
[Round "8"]
[White "Papp, Petra"]
[Black "Travkina, Anastasia"]
[Result "1-0"]
[WhiteElo "2267"]
[BlackElo "2202"]
[PlyCount "51"]
[EventDate "2024.02.07"]
[EventType "swiss (blitz)"]
[EventRounds "11"]
[EventCountry "NET"]
[SourceTitle "CB07_2024"]
[SourceDate "2024.02.14"]
[SourceVersion "1"]
[SourceVersionDate "2024.02.14"]
[SourceQuality "1"]

1. e4 c5 2. Nc3 g6 3. Nge2 Bg7 4. d4 cxd4 5. Nxd4 Nc6 6. Be3 d6 7. Bc4 Nf6 8. Bb3 Ng4 9. Nxc6 bxc6 10. Bf4 Qb6 11. 0-0 Bd4 12. Qd2 Ba6 13. Na4 Bxf2+ 14. Rxf2 Qxf2+ 15. Qxf2 Nxf2 16. Kxf2 c5 17. Nc3 Rb8 18. Ba4+ Kf8 19. Bh6+ Kg8 20. Nd5 f5 21. exf5 Kf7 22. Re1 gxf5 23. Rxe7+ Kg6 24. Re6+ Kf7 25. Rf6+ Kg8 26. Ne7# 1-0

[Event "EU-ch Blitz (Women)"]
[Site "Monaco"]
[Date "2024.01.12"]
[Round "12"]
[White "Batsiashvili, Nino"]
[Black "Papp, Petra"]
[Result "1-0"]
[WhiteElo "2451"]
[BlackElo "2267"]
[PlyCount "85"]
[EventDate "2024.01.12"]
[EventType "swiss (blitz)"]
[EventRounds "13"]
[EventCountry "MNC"]
[SourceTitle "CB03_2024"]
[SourceDate "2024.01.17"]
[SourceVersion "1"]
[SourceVersionDate "2024.01.17"]
[SourceQuality "1"]

1. d4 Nf6 2. c4 g6 3. Nc3 d5 4. cxd5 Nxd5 5. e4 Nxc3 6. bxc3 Bg7 7. Nf3 c5 8. Bb5+ Nc6 9. Rb1 0-0 10. d5 Ne5 11. Nxe5 Bxe5 12. 0-0 Bxc3 13. Be3 b6 14. Bc6 Rb8 15. Bf4 Ba6 16. Qc2 Bxf1 17. Qxc3 Ba6 18. Bh6 f6 19. Qa3 Qc8 20. Bxf8 Kxf8 21. h4 h5 22. e5 Kg7 23. exf6+ exf6 24. Re1 Kf7 25. Qe3 Qd8 26. Qe6+ Kg7 27. d6 Bb7 28. Qe7+ Qxe7 29. Rxe7+ Kf8 30. Rxb7 Rd8 31. d7 Ke7 32. Rxa7 c4 33. Rc7 c3 34. Bb5 Ra8 35. a4 g5 36. Rxc3 Kd8 37. hxg5 fxg5 38. Re3 Kc7 39. Re8 Rd8 40. f3 g4 41. fxg4 hxg4 42. Kf2 g3+ 43. Kxg3 1-0